[Event "Titled Tuesday intern op 31st Jan Late"]
[Site "Chess.com INT"]
[Date "2023.01.31"]
[Round "2"]
[White "Drygalov, Sergey"]
[Black "Blit, Jacques"]
[Result "1-0"]
[WhiteElo "2547"]
[BlackElo "2309"]
[PlyCount "81"]
[EventDate "2023.01.31"]
[EventType "swiss (blitz)"]
[EventRounds "11"]
[EventCountry "USA"]
[SourceTitle "CBM 212 Extra"]
[Source "ChessBase"]
[SourceDate "2023.03.31"]
[SourceVersion "1"]
[SourceVersionDate "2023.03.31"]
[SourceQuality "1"]

1. d4 d6 2. c4 f5 3. Nf3 Nf6 4. g3 g6 5. Bg2 Bg7 6. 0-0 0-0 7. Nc3 Qe8 8. d5 Na6 9. Nd4 Nc5 10. Rb1 a5 11. b3 h6 12. Bb2 g5 13. Qc2 Qh5 14. h3 Nfe4 15. Nxe4 fxe4 16. g4 Qg6 17. a3 h5 18. b4 axb4 19. axb4 hxg4 20. bxc5 gxh3 21. Bxe4 Qh5 22. Kh1 Rf4 23. e3 Rxe4 24. Qxe4 Bxd4 25. Kh2 Bxb2 26. Rxb2 Qf7 27. Rg1 g4 28. cxd6 exd6 29. f3 Bf5 30. Qf4 Qg7 31. Rf2 Bd7 32. fxg4 b6 33. Qf6 Ra4 34. Qxg7+ Kxg7 35. Rf4 Ra2+ 36. Kxh3 Re2 37. Rg3 b5 38. cxb5 Bxb5 39. Rgf3 Rd2 40. Rf7+ Kg6 41. Kh4 1-0

[Event "Titled Tuesday intern op 24th Jan Late"]
[Site "Chess.com INT"]
[Date "2023.01.24"]
[Round "4"]
[White "Blit, Jacques"]
[Black "Krysa, Leandro Sergio"]
[Result "1-0"]
[WhiteElo "2309"]
[BlackElo "2538"]
[PlyCount "69"]
[EventDate "2023.01.24"]
[EventType "swiss (blitz)"]
[EventRounds "11"]
[EventCountry "USA"]
[SourceTitle "EXT 2024"]
[Source "ChessBase"]
[SourceDate "2023.10.10"]
[SourceVersion "1"]
[SourceVersionDate "2023.10.10"]
[SourceQuality "1"]

1. e4 e5 2. Nf3 Nf6 3. Nxe5 d6 4. Nf3 Nxe4 5. d4 d5 6. Bd3 Be7 7. 0-0 Nc6 8. c4 Nb4 9. Be2 0-0 10. Nc3 Bf5 11. Bf4 dxc4 12. Bxc4 c6 13. Qb3 b5 14. Be2 a5 15. Rfc1 a4 16. Qd1 Rc8 17. Ne5 Nxc3 18. bxc3 Nd5 19. Bg3 Ba3 20. c4 Bxc1 21. Rxc1 bxc4 22. Rxc4 Qb6 23. Qxa4 Qb1+ 24. Qd1 Qxa2 25. Nxc6 Rfe8 26. Bf1 h6 27. h3 Qb1 28. Qxb1 Bxb1 29. Rc5 Re1 30. f3 Rd1 31. Kf2 Rd2+ 32. Kg1 Rxd4 33. Ba6 Re8 34. Nxd4 Re1+ 35. Bxe1 1-0

[Event "Titled Tuesday intern op 24th Jan Late"]
[Site "Chess.com INT"]
[Date "2023.01.24"]
[Round "7"]
[White "Blit, Jacques"]
[Black "Papasimakopoulos, Alexandros"]
[Result "1-0"]
[WhiteElo "2309"]
[BlackElo "2334"]
[PlyCount "197"]
[EventDate "2023.01.24"]
[EventType "swiss (blitz)"]
[EventRounds "11"]
[EventCountry "USA"]
[SourceTitle "EXT 2024"]
[Source "ChessBase"]
[SourceDate "2023.10.10"]
[SourceVersion "1"]
[SourceVersionDate "2023.10.10"]
[SourceQuality "1"]

1. e4 e6 2. d4 d5 3. exd5 exd5 4. Bd3 Nc6 5. c3 Bd6 6. Qf3 Nge7 7. Ne2 Be6 8. Nf4 Qd7 9. Nxe6 fxe6 10. Qh3 e5 11. Qxd7+ Kxd7 12. dxe5 Nxe5 13. Be2 Rhf8 14. Nd2 c6 15. Nf3 N7g6 16. Nxe5+ Bxe5 17. 0-0 Bf4 18. Bxf4 Nxf4 19. Bg4+ Kd6 20. Rad1 Rae8 21. c4 a5 22. cxd5 Nxd5 23. Rd2 Re5 24. Bf3 Rfe8 25. g3 Re1 26. Rd1 Rxd1 27. Rxd1 a4 28. Kg2 b5 29. a3 h6 30. h4 Kc5 31. Rc1+ Kd6 32. Rd1 Rb8 33. Rd4 Rb7 34. Bd1 Kc5 35. Rd2 Re7 36. Kf3 Nb6 37. Rc2+ Kd6 38. Be2 Rf7+ 39. Kg2 Nd5 40. Bf3 Rf6 41. Re2 Nb6 42. Rd2+ Kc5 43. Rc2+ Nc4 44. Be2 g6 45. f4 Kd4 46. Kf3 h5 47. Bxc4 bxc4 48. Rd2+ Kc5 49. g4 c3 50. bxc3 Kc4 51. gxh5 Kxc3 52. Rd8 gxh5 53. Rb8 c5 54. Ke4 c4 55. Ke5 Rg6 56. f5 Rg1 57. f6 Rf1 58. Ke6 Kd2 59. f7 c3 60. Rd8+ Ke2 61. Rc8 Kd2 62. Rd8+ Kc1 63. Rd4 Kb2 64. Rxa4 c2 65. Rc4 c1Q 66. Rxc1 Kxc1 67. a4 Re1+ 68. Kf6 Rf1+ 69. Kg7 Rg1+ 70. Kf8 Kd2 71. a5 Ra1 72. Kg7 Rg1+ 73. Kh6 Rf1 74. Kg6 Rg1+ 75. Kxh5 Rf1 76. Kg6 Rg1+ 77. Kf6 Rf1+ 78. Ke7 Re1+ 79. Kd7 Rf1 80. Ke8 Re1+ 81. Kf8 Ra1 82. h5 Rxa5 83. h6 Rh5 84. Kg7 Rg5+ 85. Kf6 Rg2 86. f8Q Rf2+ 87. Kg7 Rg2+ 88. Kh7 Ke1 89. Qf3 Re2 90. Qxe2+ Kxe2 91. Kg6 Kf3 92. h7 Kg4 93. h8Q Kf3 94. Qd4 Ke2 95. Kf5 Kf1 96. Qd2 Kg1 97. Kf4 Kh1 98. Kg3 Kg1 99. Qd1# 1-0

[Event "Titled Tuesday intern op 24th Jan Late"]
[Site "Chess.com INT"]
[Date "2023.01.24"]
[Round "2"]
[White "Levine, David M"]
[Black "Blit, Jacques"]
[Result "0-1"]
[WhiteElo "2068"]
[BlackElo "2309"]
[PlyCount "58"]
[EventDate "2023.01.24"]
[EventType "swiss (blitz)"]
[EventRounds "11"]
[EventCountry "USA"]
[SourceTitle "EXT 2024"]
[Source "ChessBase"]
[SourceDate "2023.10.10"]
[SourceVersion "1"]
[SourceVersionDate "2023.10.10"]
[SourceQuality "1"]

1. d4 d6 2. Nf3 f5 3. g3 Nf6 4. Bg2 g6 5. 0-0 Bg7 6. c4 0-0 7. Nc3 Qe8 8. Qb3 Kh8 9. Re1 Nc6 10. e4 fxe4 11. Nxe4 Nxe4 12. Rxe4 Bf5 13. Rh4 e5 14. d5 Nd4 15. Nxd4 exd4 16. Bh6 Bxh6 17. Rxh6 Qe2 18. Rh4 Bc2 19. Qxb7 Qxf2+ 20. Kh1 Rae8 21. h3 Qxg3 22. Rg4 Re1+ 23. Rxe1 Qxe1+ 24. Kh2 d3 25. Qxc7 Qe5+ 26. Kg1 d2 27. Bf3 Rxf3 28. Qd8+ Kg7 29. Qd7+ Rf7 0-1

[Event "Titled Tuesday intern op 24th Jan Late"]
[Site "Chess.com INT"]
[Date "2023.01.24"]
[Round "8"]
[White "Yoo, Christopher Woojin"]
[Black "Blit, Jacques"]
[Result "1-0"]
[WhiteElo "2584"]
[BlackElo "2309"]
[PlyCount "45"]
[EventDate "2023.01.24"]
[EventType "swiss (blitz)"]
[EventRounds "11"]
[EventCountry "USA"]
[SourceTitle "EXT 2024"]
[Source "ChessBase"]
[SourceDate "2023.10.10"]
[SourceVersion "1"]
[SourceVersionDate "2023.10.10"]
[SourceQuality "1"]

1. e4 c5 2. Nf3 Nc6 3. Bb5 e6 4. 0-0 Nge7 5. Re1 a6 6. Bf1 Ng6 7. d4 cxd4 8. Nxd4 Bc5 9. Be3 Qb6 10. Nxc6 bxc6 11. Nd2 d5 12. Bxc5 Qxc5 13. Nb3 Qd6 14. exd5 cxd5 15. c4 Bb7 16. Na5 Qc7 17. Qa4+ Kd8 18. Nxb7+ Qxb7 19. cxd5 exd5 20. Qa5+ Kd7 21. Rad1 Ne7 22. Bc4 Rhd8 23. Bxd5 1-0

[Event "Titled Tuesday intern op 25th Jan"]
[Site "Chess.com INT"]
[Date "2022.01.25"]
[Round "8"]
[White "Blit, Jacques"]
[Black "Mirzanurov, Bulat"]
[Result "1-0"]
[WhiteElo "2324"]
[BlackElo "2199"]
[PlyCount "52"]
[EventDate "2022.01.25"]
[EventType "swiss (blitz)"]
[EventRounds "11"]
[EventCountry "USA"]
[SourceTitle "CBM 206 Extra"]
[Source "ChessBase"]
[SourceDate "2022.03.31"]
[SourceVersion "1"]
[SourceVersionDate "2022.03.31"]
[SourceQuality "1"]

1. e4 c5 2. Nf3 d6 3. d4 cxd4 4. Nxd4 Nf6 5. f3 e5 6. Bb5+ Nbd7 7. Nf5 d5 8. exd5 a6 9. Ba4 b5 10. Bb3 Nc5 11. Ne3 Nxb3 12. axb3 Nh5 13. 0-0 f5 14. Nc3 Bc5 15. Kh1 Qh4 16. Qe1 Qf6 17. Nxb5 0-0 18. Nc7 Ra7 19. Ne6 Bxe6 20. dxe6 Qxe6 21. Nc4 Re7 22. Ra5 Bd6 23. Rxa6 Rd8 24. Bg5 Nf6 25. Qd2 Ree8 26. Rxd6 Rd7 1-0

[Event "Titled Tuesday intern op 25th Jan"]
[Site "Chess.com INT"]
[Date "2022.01.25"]
[Round "4"]
[White "Donchenko, Alexander"]
[Black "Blit, Jacques"]
[Result "1-0"]
[WhiteElo "2636"]
[BlackElo "2324"]
[PlyCount "63"]
[EventDate "2022.01.25"]
[EventType "swiss (blitz)"]
[EventRounds "11"]
[EventCountry "USA"]
[SourceTitle "CBM 206 Extra"]
[Source "ChessBase"]
[SourceDate "2022.03.31"]
[SourceVersion "1"]
[SourceVersionDate "2022.03.31"]
[SourceQuality "1"]

1. d4 d6 2. Nf3 f5 3. g3 Nf6 4. Bg2 g6 5. 0-0 Bg7 6. c4 0-0 7. Nc3 Qe8 8. Re1 Qf7 9. e4 fxe4 10. Nxe4 Qxc4 11. Nxf6+ exf6 12. Bd2 Nc6 13. b4 Nxd4 14. Rc1 Nxf3+ 15. Bxf3 Qf7 16. Bh6 c6 17. Bxg7 Kxg7 18. Qxd6 Re8 19. b5 Re6 20. Rxe6 Qxe6 21. Qc7+ Qd7 22. Qf4 Qe7 23. bxc6 bxc6 24. Bxc6 g5 25. Qe4 Qa3 26. Rb1 Rb8 27. Rxb8 Qc1+ 28. Kg2 Bh3+ 29. Kxh3 Qf1+ 30. Kg4 h5+ 31. Kf3 Qd1+ 32. Kg2 1-0

[Event "Titled Tuesday intern op 07th Sept"]
[Site "Chess.com INT"]
[Date "2021.09.07"]
[Round "5"]
[White "Blit, Jacques"]
[Black "Dos Santos, Lucas Aparecido"]
[Result "0-1"]
[WhiteElo "2331"]
[BlackElo "2014"]
[PlyCount "110"]
[EventDate "2021.09.07"]
[EventType "swiss (blitz)"]
[EventRounds "11"]
[EventCountry "USA"]
[SourceTitle "EXT 2022"]
[Source "ChessBase"]
[SourceDate "2021.10.06"]
[SourceVersion "1"]
[SourceVersionDate "2021.10.06"]
[SourceQuality "1"]

1. e4 c5 2. Nf3 d6 3. d4 cxd4 4. Nxd4 Nf6 5. f3 a6 6. c4 e6 7. Nc3 Be7 8. Be2 Qc7 9. 0-0 b6 10. Be3 Bb7 11. Qd2 Nbd7 12. a4 Rc8 13. a5 bxa5 14. Nb3 0-0 15. Nxa5 Ne5 16. f4 Nc6 17. Nxb7 Qxb7 18. c5 Qc7 19. Bxa6 Rcd8 20. cxd6 Bxd6 21. Nb5 Qb8 22. Qc3 Nb4 23. Nxd6 Rxd6 24. Be2 Nxe4 25. Qc4 Nd2 26. Bxd2 Rxd2 27. Bf3 Nd5 28. Bxd5 exd5 29. Qc3 Qxb2 30. Qxb2 Rxb2 31. Rad1 Rd8 32. Rfe1 Rb6 33. Rxd5 Rdb8 34. Rd7 Rb1 35. Rxb1 Rxb1+ 36. Kf2 g6 37. Kf3 Kg7 38. h4 h5 39. f5 Rb3+ 40. Kf4 Rb4+ 41. Ke5 Rxh4 42. f6+ Kg8 43. Rd8+ Kh7 44. Rf8 Rg4 45. Rxf7+ Kg8 46. Rg7+ Kf8 47. Ke6 Re4+ 48. Kd5 Rg4 49. Ke5 Rxg2 50. Rh7 Re2+ 51. Kf4 Rg2 52. Rg7 h4 53. Rh7 g5+ 54. Kf5 Ke8 55. Kg6 Rf2 0-1

[Event "Titled Tuesday intern op 07th Sept"]
[Site "Chess.com INT"]
[Date "2021.09.07"]
[Round "4"]
[White "Mestnikov, Aisen"]
[Black "Blit, Jacques"]
[Result "0-1"]
[WhiteElo "2083"]
[BlackElo "2331"]
[PlyCount "66"]
[EventDate "2021.09.07"]
[EventType "swiss (blitz)"]
[EventRounds "11"]
[EventCountry "USA"]
[SourceTitle "EXT 2022"]
[Source "ChessBase"]
[SourceDate "2021.10.06"]
[SourceVersion "1"]
[SourceVersionDate "2021.10.06"]
[SourceQuality "1"]

1. d4 g6 2. c4 f5 3. Nf3 Nf6 4. Nc3 Bg7 5. g3 0-0 6. Bg2 d6 7. 0-0 Qe8 8. d5 Na6 9. Nd4 Nc5 10. b4 Nfe4 11. Nxe4 Nxe4 12. Bb2 c5 13. dxc6 bxc6 14. f3 Nf6 15. e4 fxe4 16. fxe4 Rb8 17. Qa4 Bd7 18. Rab1 c5 19. Nb5 a6 20. Qxa6 Ra8 21. Qb6 Rxa2 22. bxc5 dxc5 23. Qxc5 Nxe4 24. Qd5+ e6 25. Bxg7 Rxf1+ 26. Rxf1 exd5 27. Nc7 Qc8 28. Bh6 Bf5 29. Nxd5 Qc5+ 30. Kh1 Nf2+ 31. Kg1 Nh3+ 32. Kh1 Qg1+ 33. Rxg1 Nf2# 0-1

[Event "Titled Tuesday intern op 07th Sept"]
[Site "Chess.com INT"]
[Date "2021.09.07"]
[Round "9"]
[White "Nakhbayeva, Guliskhan"]
[Black "Blit, Jacques"]
[Result "0-1"]
[WhiteElo "2333"]
[BlackElo "2331"]
[PlyCount "68"]
[EventDate "2021.09.07"]
[EventType "swiss (blitz)"]
[EventRounds "11"]
[EventCountry "USA"]
[SourceTitle "EXT 2022"]
[Source "ChessBase"]
[SourceDate "2021.10.06"]
[SourceVersion "1"]
[SourceVersionDate "2021.10.06"]
[SourceQuality "1"]

1. d4 g6 2. c4 f5 3. Nc3 Nf6 4. Bg5 Bg7 5. e3 0-0 6. Bd3 d6 7. h4 e5 8. h5 Nc6 9. hxg6 hxg6 10. d5 e4 11. dxc6 exd3 12. Qxd3 bxc6 13. Nge2 Rb8 14. 0-0-0 Qe8 15. Nf4 Ne4 16. Bh6 Nxc3 17. Bxg7 Nxa2+ 18. Kb1 Kxg7 19. Kxa2 Qe5 20. Qd4 Re8 21. Nd3 Qxd4 22. exd4 Be6 23. b3 Rh8 24. Rhe1 Kf6 25. Nf4 Bf7 26. d5 c5 27. Kb2 a5 28. Kc3 a4 29. bxa4 Rb4 30. Ra1 Rhb8 31. Ra3 Be8 32. a5 Ba4 33. Re6+ Kf7 34. Nxg6 Bb3 0-1

[Event "Titled Tuesday intern op 06th July"]
[Site "Chess.com INT"]
[Date "2021.07.06"]
[Round "2"]
[White "Hryzlova, Sofiia"]
[Black "Blit, Jacques"]
[Result "0-1"]
[WhiteElo "2144"]
[BlackElo "2331"]
[PlyCount "54"]
[EventDate "2021.07.06"]
[EventType "swiss (blitz)"]
[EventRounds "11"]
[EventCountry "USA"]
[SourceTitle "EXT 2022"]
[Source "ChessBase"]
[SourceDate "2021.10.06"]
[SourceVersion "1"]
[SourceVersionDate "2021.10.06"]
[SourceQuality "1"]

1. e4 c5 2. Be2 Nc6 3. f4 Nf6 4. d3 d5 5. e5 Nd7 6. Nf3 f5 7. c4 Nb6 8. Ng5 dxc4 9. Be3 cxd3 10. Bh5+ g6 11. e6 Nc4 12. Nxh7 Bxe6 13. Bxg6+ Kd7 14. Qxd3+ Kc7 15. Bxf5 Qxd3 16. Bxd3 Nxe3 17. Kf2 Ng4+ 18. Kg3 Bg7 19. Ng5 Bd7 20. Nc3 Raf8 21. Nd5+ Kc8 22. Rab1 e6 23. Nc3 e5 24. h3 exf4+ 25. Kf3 Nd4+ 26. Ke4 Bc6+ 27. Nd5 Nf2# 0-1

[Event "Titled Tuesday intern op 22nd June"]
[Site "Chess.com INT"]
[Date "2021.06.22"]
[Round "2"]
[White "Blit, Jacques"]
[Black "Bordi, Kevin Claude"]
[Result "0-1"]
[WhiteElo "2331"]
[BlackElo "2288"]
[PlyCount "58"]
[EventDate "2021.06.22"]
[EventType "swiss (blitz)"]
[EventRounds "11"]
[EventCountry "USA"]
[SourceTitle "CBM 203 Extra"]
[Source "ChessBase"]
[SourceDate "2021.09.30"]
[SourceVersion "1"]
[SourceVersionDate "2021.09.30"]
[SourceQuality "1"]

1. e4 d5 2. exd5 Qxd5 3. Nc3 Qa5 4. d4 Nf6 5. Bc4 Bg4 6. Nge2 e6 7. h3 Bh5 8. Bd2 Qb6 9. 0-0 c6 10. a4 a5 11. Re1 Bd6 12. Bg5 Nbd7 13. g4 Bg6 14. Bb3 0-0 15. Nf4 Bxf4 16. Bxf4 Nd5 17. Nxd5 cxd5 18. h4 h5 19. gxh5 Bf5 20. h6 g6 21. Qd2 Kh7 22. Qe3 Rac8 23. Re2 Rg8 24. Rd2 Nf6 25. Re1 Ng4 26. Qg3 Qb4 27. Bg5 f6 28. Bf4 g5 29. Bd6 Qxd2 0-1

[Event "Titled Tuesday intern op 22nd June"]
[Site "Chess.com INT"]
[Date "2021.06.22"]
[Round "9"]
[White "Blit, Jacques"]
[Black "Mons, Leon"]
[Result "0-1"]
[WhiteElo "2331"]
[BlackElo "2530"]
[PlyCount "116"]
[EventDate "2021.06.22"]
[EventType "swiss (blitz)"]
[EventRounds "11"]
[EventCountry "USA"]
[SourceTitle "CBM 203 Extra"]
[Source "ChessBase"]
[SourceDate "2021.09.30"]
[SourceVersion "1"]
[SourceVersionDate "2021.09.30"]
[SourceQuality "1"]

1. e4 c5 2. Nf3 Nc6 3. d4 Nxd4 4. Nxd4 cxd4 5. Qxd4 d6 6. Bc4 e6 7. Nc3 Nf6 8. Bg5 Be7 9. 0-0-0 h6 10. Bh4 a6 11. f4 b5 12. Bb3 Bb7 13. Rhe1 0-0 14. e5 dxe5 15. Qxe5 Qb8 16. f5 Qxe5 17. Rxe5 Ng4 18. Bxe7 Nxe5 19. Bxf8 Kxf8 20. fxe6 fxe6 21. g3 Ke7 22. Re1 Nc4 23. a4 Bc6 24. axb5 axb5 25. Bxc4 bxc4 26. Kd2 Rb8 27. Rb1 Kd6 28. Ke3 Kc5 29. Ne4+ Bxe4 30. Kxe4 Rf8 31. Ke3 Rf5 32. b4+ Kb5 33. c3 Rd5 34. Ke2 Rd3 35. Rc1 e5 36. Rc2 e4 37. Rc1 g5 38. Rc2 h5 39. Rc1 h4 40. Rc2 hxg3 41. hxg3 Rxg3 42. Kf2 Rf3+ 43. Kg2 g4 44. Rc1 Ka4 45. Rc2 Kb3 46. Rc1 Rxc3 47. Rxc3+ Kxc3 48. b5 e3 49. b6 e2 50. b7 e1Q 51. b8Q Qe2+ 52. Kg1 Kc2 53. Qb4 c3 54. Qa4+ Kc1 55. Qa3+ Qb2 56. Qd6 c2 57. Qf4+ Kb1 58. Qxg4 c1Q+ 0-1

[Event "Titled Tuesday intern op 22nd June"]
[Site "Chess.com INT"]
[Date "2021.06.22"]
[Round "6"]
[White "Kretov, Evgenij"]
[Black "Blit, Jacques"]
[Result "1-0"]
[WhiteElo "2269"]
[BlackElo "2331"]
[PlyCount "55"]
[EventDate "2021.06.22"]
[EventType "swiss (blitz)"]
[EventRounds "11"]
[EventCountry "USA"]
[SourceTitle "CBM 203 Extra"]
[Source "ChessBase"]
[SourceDate "2021.09.30"]
[SourceVersion "1"]
[SourceVersionDate "2021.09.30"]
[SourceQuality "1"]

1. d4 f5 2. Nc3 Nf6 3. Bg5 d5 4. Bxf6 exf6 5. e3 c6 6. Bd3 Bd6 7. Nce2 Be6 8. c3 Nd7 9. Qc2 g6 10. h4 c5 11. dxc5 Nxc5 12. h5 Kf7 13. Nf3 Rc8 14. Nfd4 Be5 15. g4 Qb6 16. gxf5 gxf5 17. 0-0-0 Ne4 18. Nxe6 Kxe6 19. Nd4+ Bxd4 20. exd4 Qa5 21. Kb1 Nxc3+ 22. bxc3 Rxc3 23. Qe2+ Kf7 24. Bxf5 Re8 25. Bg6+ hxg6 26. hxg6+ Kg7 27. Rh7+ Kxg6 28. Qg4+ 1-0

[Event "Titled Tuesday intern op 15th June"]
[Site "Chess.com INT"]
[Date "2021.06.15"]
[Round "3"]
[White "Blit, Jacques"]
[Black "Rusan, Paul Cristian"]
[Result "0-1"]
[WhiteElo "2331"]
[BlackElo "2106"]
[PlyCount "112"]
[EventDate "2021.06.15"]
[EventType "swiss (blitz)"]
[EventRounds "11"]
[EventCountry "USA"]
[SourceTitle "CBM 203 Extra"]
[Source "ChessBase"]
[SourceDate "2021.09.30"]
[SourceVersion "1"]
[SourceVersionDate "2021.09.30"]
[SourceQuality "1"]

1. e4 c5 2. Nf3 Nc6 3. d4 cxd4 4. Nxd4 e5 5. Nb5 d6 6. N1c3 a6 7. Na3 b5 8. Nd5 Nf6 9. Bg5 Be7 10. Bxf6 Bxf6 11. c3 Rb8 12. Nc2 0-0 13. g3 Bg5 14. Bg2 a5 15. 0-0 b4 16. f4 Be7 17. f5 Bg5 18. f6 g6 19. h4 Bh6 20. Nce3 Bxe3+ 21. Nxe3 Qb6 22. Qd2 bxc3 23. bxc3 Be6 24. Kh2 Kh8 25. Rf2 Rbd8 26. Bh3 Nb8 27. Raf1 Nd7 28. Bxe6 fxe6 29. Nc4 Qc5 30. Nxd6 Nxf6 31. Nf7+ Rxf7 32. Qxd8+ Rf8 33. Qd1 Ng4+ 34. Qxg4 Rxf2+ 35. Rxf2 Qxf2+ 36. Kh3 Qf1+ 37. Kh2 Qf2+ 38. Kh3 Qxa2 39. Qf3 Kg7 40. h5 g5 41. h6+ Kg6 42. Qf8 g4+ 43. Kxg4 Qe2+ 44. Kh3 Qh5+ 45. Kg2 Qxh6 46. Qe8+ Kg5 47. Qd8+ Qf6 48. Qxa5 Kg4 49. Qb6 Qf3+ 50. Kg1 Qxg3+ 51. Kf1 Qf3+ 52. Qf2 Qxe4 53. Qe1 Qxe1+ 54. Kxe1 Kf4 55. Kd2 Ke4 56. Ke2 Kd5 0-1

[Event "Titled Tuesday intern op 15th June"]
[Site "Chess.com INT"]
[Date "2021.06.15"]
[Round "11"]
[White "Logozar, Elijah"]
[Black "Blit, Jacques"]
[Result "1-0"]
[WhiteElo "1952"]
[BlackElo "2331"]
[PlyCount "69"]
[EventDate "2021.06.15"]
[EventType "swiss (blitz)"]
[EventRounds "11"]
[EventCountry "USA"]
[SourceTitle "CBM 203 Extra"]
[Source "ChessBase"]
[SourceDate "2021.09.30"]
[SourceVersion "1"]
[SourceVersionDate "2021.09.30"]
[SourceQuality "1"]

1. e4 c5 2. Nf3 a6 3. c4 d6 4. d4 cxd4 5. Nxd4 Nf6 6. Nc3 b6 7. Be2 Bb7 8. f3 e6 9. 0-0 Be7 10. Be3 0-0 11. Qd2 Nbd7 12. a4 Qc7 13. a5 bxa5 14. Nb3 Rac8 15. Nxa5 Ba8 16. b4 Qb8 17. Rfb1 Bd8 18. b5 axb5 19. Nxb5 Bb6 20. Kh1 d5 21. Bxb6 Nxb6 22. cxd5 exd5 23. Nd4 dxe4 24. Nf5 exf3 25. Qg5 fxg2+ 26. Kg1 Ne8 27. Ne7+ Kh8 28. Nxc8 Qxc8 29. Rxb6 f6 30. Rc1 Qd8 31. Qc5 Nc7 32. Rd6 Qe7 33. Rd3 Re8 34. Qxe7 Rxe7 35. Rxc7 1-0

[Event "Titled Tuesday intern op 08th June"]
[Site "Chess.com INT"]
[Date "2021.06.08"]
[Round "2"]
[White "Blit, Jacques"]
[Black "Allahverdiyeva, Ayan"]
[Result "1-0"]
[WhiteElo "2331"]
[BlackElo "2088"]
[PlyCount "49"]
[EventDate "2021.06.08"]
[EventType "swiss (blitz)"]
[EventRounds "11"]
[EventCountry "USA"]
[SourceTitle "CBM 202 Extra"]
[Source "ChessBase"]
[SourceDate "2021.07.31"]
[SourceVersion "1"]
[SourceVersionDate "2021.07.31"]
[SourceQuality "1"]

1. e4 c5 2. Nf3 e6 3. d4 cxd4 4. Nxd4 Nf6 5. Nc3 d6 6. f4 Be7 7. Bd3 Nc6 8. Be3 e5 9. Nf5 Bxf5 10. exf5 d5 11. fxe5 Nxe5 12. 0-0 0-0 13. Be2 Rc8 14. Kh1 Bc5 15. Bxc5 Rxc5 16. Qd4 Qe7 17. Rae1 Nc6 18. Qh4 Ne4 19. f6 Nxf6 20. Bd3 Ne4 21. Qh5 Qe5 22. Rf5 Ng3+ 23. hxg3 Qxe1+ 24. Rf1 Qe5 25. Qxh7# 1-0

[Event "Titled Tuesday intern op 08th June"]
[Site "Chess.com INT"]
[Date "2021.06.08"]
[Round "7"]
[White "Blit, Jacques"]
[Black "Borawski, Jakub"]
[Result "1-0"]
[WhiteElo "2331"]
[BlackElo "2222"]
[PlyCount "77"]
[EventDate "2021.06.08"]
[EventType "swiss (blitz)"]
[EventRounds "11"]
[EventCountry "USA"]
[SourceTitle "CBM 202 Extra"]
[Source "ChessBase"]
[SourceDate "2021.07.31"]
[SourceVersion "1"]
[SourceVersionDate "2021.07.31"]
[SourceQuality "1"]

1. e4 e5 2. Nc3 Nf6 3. g3 Nc6 4. Bg2 g6 5. Nge2 Bg7 6. 0-0 0-0 7. d3 d6 8. h3 Bd7 9. f4 Nd4 10. Nxd4 exd4 11. Ne2 c5 12. g4 Bc6 13. Ng3 Nd7 14. g5 f6 15. h4 Qe7 16. Bd2 Rae8 17. a4 h6 18. gxh6 Bxh6 19. h5 Qg7 20. hxg6 Qxg6 21. Kf2 f5 22. exf5 Qg7 23. Rg1 Bxg2 24. Rxg2 Kh7 25. Qh5 Nf6 26. Qg6+ Kh8 27. Rh1 Ng4+ 28. Kg1 Rf6 29. Qxg7+ Kxg7 30. Nh5+ Kf7 31. Rxg4 Rxf5 32. Ng3 Rf6 33. Ne4 Rfe6 34. f5 Bxd2 35. fxe6+ Kxe6 36. Nxd2 Kd5 37. Rh5+ Kc6 38. Ne4 Rf8 39. Rg6 1-0

[Event "Titled Tuesday intern op 08th June"]
[Site "Chess.com INT"]
[Date "2021.06.08"]
[Round "8"]
[White "Bryakin, Mikhail"]
[Black "Blit, Jacques"]
[Result "0-1"]
[WhiteElo "2463"]
[BlackElo "2331"]
[PlyCount "56"]
[EventDate "2021.06.08"]
[EventType "swiss (blitz)"]
[EventRounds "11"]
[EventCountry "USA"]
[SourceTitle "CBM 202 Extra"]
[Source "ChessBase"]
[SourceDate "2021.07.31"]
[SourceVersion "1"]
[SourceVersionDate "2021.07.31"]
[SourceQuality "1"]

1. e4 c5 2. Be2 Nc6 3. f4 d5 4. e5 Bf5 5. Nf3 e6 6. 0-0 Nge7 7. d3 Bg4 8. c3 Nf5 9. h3 Bxf3 10. Bxf3 h5 11. a4 g6 12. Na3 a6 13. Bd2 Bh6 14. Re1 Qh4 15. Qc1 Rg8 16. Nc2 g5 17. fxg5 Bxg5 18. Bxg5 Rxg5 19. Qd2 0-0-0 20. b4 Rdg8 21. b5 Qxh3 22. Rf1 Nh4 23. Ne1 Nxe5 24. Ra2 Nhxf3+ 25. Nxf3 Nxf3+ 26. Rxf3 Qxf3 27. bxa6 bxa6 28. Rb2 Rxg2+ 0-1

[Event "Titled Tuesday intern op 08th June"]
[Site "Chess.com INT"]
[Date "2021.06.08"]
[Round "11"]
[White "Zubov, Alexander"]
[Black "Blit, Jacques"]
[Result "1-0"]
[WhiteElo "2598"]
[BlackElo "2331"]
[PlyCount "93"]
[EventDate "2021.06.08"]
[EventType "swiss (blitz)"]
[EventRounds "11"]
[EventCountry "USA"]
[SourceTitle "CBM 202 Extra"]
[Source "ChessBase"]
[SourceDate "2021.07.31"]
[SourceVersion "1"]
[SourceVersionDate "2021.07.31"]
[SourceQuality "1"]

1. e4 c5 2. Nf3 a6 3. c3 d5 4. exd5 Qxd5 5. d4 g6 6. Be2 Bg7 7. c4 Qd6 8. d5 Nf6 9. Nc3 0-0 10. 0-0 Nbd7 11. a4 Rd8 12. Re1 Nf8 13. Bg5 h6 14. Bh4 Bf5 15. Qb3 Qc7 16. Bg3 Qc8 17. Ne5 e6 18. a5 exd5 19. cxd5 Ne4 20. Nxe4 Bxe4 21. Bc4 Qf5 22. Nxf7 Bc2 23. Qxb7 Qxf7 24. Re7 Qf6 25. Be5 Qxe5 26. Rxe5 Bxe5 27. d6+ Kh8 28. Qf7 Nh7 29. d7 Bf5 30. Rd1 Rf8 31. Qe7 Bd4 32. Rxd4 cxd4 33. Bf7 Ng5 34. Be8 Bxd7 35. Bxd7 d3 36. h4 d2 37. Qd6 Kh7 38. hxg5 Rad8 39. Qe7+ Kh8 40. Bg4 Rfe8 41. Qf6+ Kh7 42. Qf7+ Kh8 43. gxh6 d1Q+ 44. Bxd1 Rxd1+ 45. Kh2 Rh1+ 46. Kxh1 Re7 47. Qxe7 1-0

[Event "Titled Tuesday intern op 01st June"]
[Site "Chess.com INT"]
[Date "2021.06.01"]
[Round "7"]
[White "Blit, Jacques"]
[Black "Pandey, Srishti"]
[Result "1/2-1/2"]
[WhiteElo "2331"]
[BlackElo "2026"]
[PlyCount "83"]
[EventDate "2021.06.01"]
[EventType "swiss (blitz)"]
[EventRounds "11"]
[EventCountry "USA"]
[SourceTitle "CBM 202 Extra"]
[Source "ChessBase"]
[SourceDate "2021.07.31"]
[SourceVersion "1"]
[SourceVersionDate "2021.07.31"]
[SourceQuality "1"]

1. f4 d6 2. Nf3 e5 3. fxe5 dxe5 4. Nxe5 Nc6 5. Nxc6 Qh4+ 6. g3 Qe4 7. Rg1 Qxc6 8. Bg2 Qd7 9. d4 Nf6 10. c4 Bb4+ 11. Nc3 0-0 12. Bg5 Ng4 13. Qd2 Qf5 14. 0-0-0 Bxc3 15. bxc3 a5 16. Rdf1 Qg6 17. h3 h6 18. Bh4 Nf6 19. Bxf6 gxf6 20. Rf4 Ra6 21. Be4 Qg7 22. Rgf1 Re8 23. Qd3 Bxh3 24. R1f2 Rae6 25. Qf3 f5 26. Bd3 Bg4 27. Qxb7 Bxe2 28. Bxe2 Rxe2 29. Rxe2 Rxe2 30. Qc8+ Qf8 31. Qxf5 Qa3+ 32. Kd1 Re7 33. Qc8+ Kg7 34. Rg4+ Kf6 35. Qh8+ Kf5 36. Rf4+ Ke6 37. Qe5+ Kd7 38. Qd5+ Kc8 39. Qa8+ Kd7 40. Qd5+ Kc8 41. Qa8+ Kd7 42. Qd5+ 1/2-1/2